| 000 | 00482nam a2200181Ia 4500 | ||
|---|---|---|---|
| 008 | 240925s9999 xx 000 0 und d | ||
| 020 | _a9788126517022 | ||
| 082 | _a621.68152 SZE | ||
| 100 | _aSze, S. M.; Ng, Kwok K. | ||
| 245 | 0 | _aPhysics of Semiconductor Devices | |
| 250 | _a3rd | ||
| 260 |
_aNew York: _bJohn Wiley & Sons _c,2014. |
||
| 300 |
_a948p. _b0 _fPhotocopy |
||
| 500 | _aIncludes Index | ||
| 600 | _aElectronic Engineering | ||
| 650 | _aTechnology | ||
| 942 | _cBK | ||
| 999 |
_c12868 _d12868 |
||